| 000 | 00856nam a2200253Ia 4500 | ||
|---|---|---|---|
| 003 | OSt | ||
| 005 | 20220925195118.0 | ||
| 006 | a|||||r|||| 00| 0 | ||
| 007 | ta | ||
| 008 | 220923b |||||||| |||| 00| 0 eng d | ||
| 020 | _a1858985811 | ||
| 037 | _cGeneral Book | ||
| 040 |
_aRTL _cRTL _beng |
||
| 041 |
_2eng _aeng |
||
| 082 | _aX:77:(G:55).1(X).N9, N7 | ||
| 100 |
_aLee Norman _9253385 |
||
| 245 | 0 |
_aSustainable development in a developing world _b Integrated socio-economic appraisal and environment assessment. |
|
| 260 |
_aCheltenham _bEdward Elgar _c1997 |
||
| 300 |
_axv, 261p Bibliography chapterwise _ccm. |
||
| 650 |
_aEconomic Development _917300 |
||
| 700 |
_a Kirkpatrick Colin Ed. _942586 |
||
| 942 |
_hX:77:(G:55).1(X).N9, N7 _cGB _2CC |
||
| 999 |
_c531858 _d531858 |
||